Population structure and genetic disorders (Record no. 36698)

MARC details
000 -LEADER
fixed length control field 00391nam a2200145Ia 4500
082 ## - DEWEY DECIMAL CLASSIFICATION NUMBER
Classification number 575.17
Item number ERI
245 #0 - TITLE STATEMENT
Title Population structure and genetic disorders
260 ## - PUBLICATION, DISTRIBUTION, ETC. (IMPRINT)
Place of publication London
Name of publisher Academic
Year of publication 1980
650 ## - SUBJECT ADDED ENTRY--TOPICAL TERM
Topical Term Genetic disorder
650 ## - SUBJECT ADDED ENTRY--TOPICAL TERM
Topical Term Hereditary disease
650 ## - SUBJECT ADDED ENTRY--TOPICAL TERM
Topical Term Population structure
700 ## - ADDED ENTRY--PERSONAL NAME
Personal name ERIKSON, Alder W
942 ## - ADDED ENTRY ELEMENTS (KOHA)
Koha item type Books
Holdings
Withdrawn status Lost status Damaged status Not for loan Home library Current library Date acquired Full call number Accession Number Koha item type
        RRII Library RRII Library 16/12/2021 575.17 ERI 17098 Books